Подземные аккумуляторы энергоносителей в энергетике

Podrobná bibliografie
Hlavní autor: Казарян В. А. Вараздат Амаякович
Shrnutí:В книге рассматриваются актуальные вопросы, связанные с применением крупномасштабных подземных аккумуляторов энергоносителей, созданных в основном в отложениях каменной соли, в энергетике. Приводятся реализованные, разработанные и перспективные технологические схемы производства электроэнергии и тепла, а также схемы регулирования неравномерности энергопотребления с применением подземных аккумуляторов энергоносителей. Рассматривается применение подземных аккумуляторов при работе атомных, воздушно-аккумулирующих газотурбинных, ветряных и солнечных электростанций, а также в газовой и нефтяной промышленности и при решении экологических проблем охраны окружающей среды.Книга представляет интерес для инженерно-технических работников энергетического комплекса, а также для студентов, аспирантов и научных работников соответствующего профиля.
Jazyk:ruština
Vydáno: Ижевск, Институт компьютерных исследований, 2013
Témata:
Médium: MixedMaterials Kniha
KOHA link:https://koha.lib.tpu.ru/cgi-bin/koha/opac-detail.pl?biblionumber=233042

MARC

LEADER 00000nam0a2200000 4500
001 233042
005 20231101231222.0
010 |a 9785434401067 
035 |a (RuTPU)RU\TPU\book\254106 
090 |a 233042 
100 |a 20130226d2013 km y0rusy50 ca 
101 0 |a rus 
102 |a RU 
105 |a a z 001zy 
200 1 |a Подземные аккумуляторы энергоносителей в энергетике  |f В. А. Казарян 
210 |a Ижевск  |a Москва  |c Институт компьютерных исследований  |d 2013 
215 |a 319 с.  |c ил. 
320 |a Библиогр.: с. 318-319. 
330 |a В книге рассматриваются актуальные вопросы, связанные с применением крупномасштабных подземных аккумуляторов энергоносителей, созданных в основном в отложениях каменной соли, в энергетике. Приводятся реализованные, разработанные и перспективные технологические схемы производства электроэнергии и тепла, а также схемы регулирования неравномерности энергопотребления с применением подземных аккумуляторов энергоносителей. Рассматривается применение подземных аккумуляторов при работе атомных, воздушно-аккумулирующих газотурбинных, ветряных и солнечных электростанций, а также в газовой и нефтяной промышленности и при решении экологических проблем охраны окружающей среды.Книга представляет интерес для инженерно-технических работников энергетического комплекса, а также для студентов, аспирантов и научных работников соответствующего профиля. 
606 1 |a Топливно энергетические ресурсы  |x Хранение  |2 stltpush  |3 (RuTPU)RU\TPU\subj\72547  |9 86017 
610 1 |a энергетика 
610 1 |a энергопотребление 
610 1 |a неравномерность 
610 1 |a подземные аккумуляторы 
610 1 |a воздушно-аккумулирующие газотурбинные электростанции 
610 1 |a энергия 
610 1 |a возобновляемые источники 
610 1 |a энергоносители 
610 1 |a атомные электростанции 
610 1 |a атомные электрические станции 
610 1 |a газовая промышленность 
610 1 |a нефтяная промышленность 
610 1 |a крупномасштабные аккумуляторы 
610 1 |a экология 
610 1 |a строительство 
610 1 |a эксплуатация 
610 1 |a подземные резервуары 
675 |a 620.91.004  |v 3 
700 1 |a Казарян  |b В. А.  |g Вараздат Амаякович 
801 1 |a RU  |b 63413507  |c 20130226 
801 2 |a RU  |b 63413507  |c 20150602  |g RCR 
900 |a Нетрадиционные способы производства электроэнергии 
900 |a Энергетика 
942 |c BK 
959 |a 17/20130201  |d 2  |e 448,00  |f ЧЗТЛ:1  |f АНЛ:1 
959 |a 92/20130522  |d 5  |e 448,00  |f УФ:5